| 000 | 01238nam a2200265Ia 4500 | ||
|---|---|---|---|
| 999 |
_c42807 _d42807 |
||
| 001 | 9513 | ||
| 003 | GE_BSU | ||
| 005 | 20240611170100.0 | ||
| 008 | 181216s1992||||ge |||||||||||||| ||geo|| | ||
| 040 | _cGE_BSU | ||
| 041 | _ageo | ||
| 080 | _a821.353.1+821.353.1-31+821.353.1-32 შ–51 | ||
| 245 |
_a შერისხულნი : 15 ტომად. ტ. 1, თეთრი საყელო. ჯაყოს ხიზნები. დამდნარი ჯაჭვი. რკინის საცერი / _cმიხეილ ჯავახიშვილი ; [რედ. : მანანა ასათიანი]. |
||
| 264 |
_aთბილისი : _bმერანი, _c1992. |
||
| 300 | _a526 გვ. ; | ||
| 490 | _aრეპრესირებული ქართველი მწერლები | ||
| 541 | _h14ლ. | ||
| 653 | _aშერისხულნი | ||
| 653 | _aთეთრი საყელო | ||
| 653 | _aჯაყოს ხიზნები | ||
| 653 | _aდამდნარი ჯაჭვი | ||
| 653 | _aრკინის საცერი | ||
| 700 |
_aასათიანი, მანანა _eრედაქტორი _96170 |
||
| 942 |
_cBK _2udc |
||